|
|
|
|
| LEADER |
00973nam a2200277 a 4500 |
| 001 |
5872 |
| 003 |
BD-DhAAL |
| 005 |
20150711091339.0 |
| 008 |
150711s1996 enka 001 0 eng |
| 010 |
|
|
|a 96174897
|
| 020 |
|
|
|a 0750625465
|
| 040 |
|
|
|a DLC
|c DLC
|d DLC
|d BD-DhAAL
|
| 050 |
0 |
0 |
|a HD31
|b .T4879 1996
|
| 082 |
|
|
|a 658
|
| 100 |
1 |
|
|a Thomas, Mark,
|d 1958-
|9 13045
|
| 245 |
1 |
0 |
|a Supercharge your management role :
|b making the transition to internal consultant /
|c Mark Thomas and Sam Elbeik.
|
| 260 |
|
|
|a Oxford ;
|a Boston :
|b Butterworth Heinemann,
|c 1996.
|
| 300 |
|
|
|a xi, 212 p. :
|b ill. ;
|c 23 cm.
|
| 500 |
|
|
|a Includes index.
|
| 541 |
|
|
|e 5872
|
| 650 |
|
0 |
|a Management.
|9 13046
|
| 650 |
|
0 |
|a Business consultants.
|9 8481
|
| 700 |
1 |
|
|a Elbeik, Sam.
|9 13047
|
| 942 |
|
|
|2 ddc
|c BK
|
| 999 |
|
|
|c 35020
|d 35020
|
| 952 |
|
|
|0 0
|1 0
|2 ddc
|4 0
|6 658_000000000000000_THO
|7 0
|9 54901
|a SCL
|b SCL
|c GEN
|d 2015-07-11
|e Gift: The British Council
|l 0
|o 658 THO
|p 3020005872
|r 2015-07-11
|t 1
|w 2015-07-11
|y BK
|